| 000 | 00941cam a22002773a 4500 | ||
|---|---|---|---|
| 001 | 2737 | ||
| 003 | PGUSA | ||
| 005 | 20140828083021.0 | ||
| 008 | 010701s2001||||xxu|||||s|||||000 | eng d | ||
| 040 |
_aPGUSA _beng |
||
| 042 | _adc | ||
| 050 | 4 | _aHQ | |
| 100 | 1 |
_aMoldeven, Meyer, _d1917- |
|
| 245 | 1 | 2 |
_aA Grandpa's Notebook : _bIdeas, Models, Stories and Memoirs to Encourage Intergenerational Outreach and Communication _h[electronic resource] / _cMeyer Moldeven |
| 260 |
_bProject Gutenberg, _c2001 |
||
| 506 | _aCopyrighted. Read the copyright notice inside this book for details. | ||
| 516 | _aElectronic text | ||
| 653 | _aGrandfathers -- Family relationships | ||
| 653 | _aOlder people -- Health and hygiene | ||
| 653 | _aOlder people -- Services for | ||
| 653 | _aGrandparenting | ||
| 653 | _aChildren's literature | ||
| 830 | 0 |
_aProject Gutenberg _v2737 |
|
| 856 | 4 | 0 | _uhttp://www.gutenberg.org/ebooks/2737 |
| 942 | _cEB | ||
| 999 |
_c232070 _d232070 |
||